[Event "46th World Open"]
[Site "Philadelphia"]
[Date "2018.07.04"]
[Round "1.1"]
[White "Le, Quang Liem"]
[Black "Adamson, Robby"]
[Result "1-0"]
[WhiteElo "2728"]
[BlackElo "2206"]
[PlyCount "75"]
[EventDate "2018.07.??"]
[EventType "swiss"]
[EventRounds "9"]
[EventCountry "USA"]

1. d4 Nf6 2. c4 e6 3. Nf3 d5 4. g3 Bb4+ 5. Bd2 Bd6 6. Bg2 O-O 7. O-O Nbd7 8.
Qc2 c6 9. b3 Ne4 10. Rd1 f5 11. Be1 b6 12. Nfd2 Bb7 13. Nxe4 dxe4 14. Nc3 Qe7
15. f3 e5 16. d5 Bc5+ 17. Kh1 exf3 18. exf3 cxd5 19. Nxd5 Bxd5 20. cxd5 Qd6 21.
Rac1 Rad8 22. Qe2 a5 23. Bc3 Rfe8 24. Bb2 Nf6 25. Qc4 Kh8 26. Rc2 Re7 27. Bh3
f4 28. gxf4 exf4 29. Re2 Be3 30. Rc2 Bc5 31. Qf1 Ree8 32. Bf5 g6 33. Qh3 Kg7
34. Be4 Re7 35. Rg2 Kf7 36. Qh4 Kg7 37. Qg5 Kf7 38. Bxg6+ 1-0

[Event "46th World Open"]
[Site "Philadelphia"]
[Date "2018.07.04"]
[Round "1.2"]
[White "Eidemiller, Mark"]
[Black "Swiercz, Dariusz"]
[Result "0-1"]
[WhiteElo "2205"]
[BlackElo "2663"]
[PlyCount "76"]
[EventDate "2018.07.??"]
[EventType "swiss"]
[EventRounds "9"]
[EventCountry "USA"]

1. Nf3 d5 2. c4 e6 3. d4 Nf6 4. Nc3 Nbd7 5. Bg5 h6 6. Bh4 c6 7. e3 g5 8. Bg3
Nh5 9. cxd5 Nxg3 10. hxg3 exd5 11. Bd3 Bg7 12. Rc1 Qe7 13. Qc2 Nb6 14. O-O Be6
15. Rfe1 O-O-O 16. Na4 Nxa4 17. Qxa4 Kb8 18. b4 Rc8 19. Rc3 h5 20. Rec1 h4 21.
gxh4 g4 22. Ng5 Rxh4 23. Nxe6 Rch8 24. Kf1 Qxe6 25. b5 cxb5 26. Bxb5 Rh1+ 27.
Ke2 Rxc1 28. Rxc1 g3 29. Bd7 Qd6 30. f3 a6 31. Bh3 Rd8 32. Qc2 Re8 33. Qf5 Ka7
34. Rc8 Re7 35. Rc5 Bxd4 36. Rxd5 Rxe3+ 37. Kd1 Qb4 38. Qc8 Rd3+ 0-1

[Event "46th World Open"]
[Site "Philadelphia"]
[Date "2018.07.04"]
[Round "1.4"]
[White "Tsay, Vincent"]
[Black "Xiong, Jeffery"]
[Result "0-1"]
[WhiteElo "2198"]
[BlackElo "2655"]
[PlyCount "74"]
[EventDate "2018.07.??"]
[EventType "swiss"]
[EventRounds "9"]
[EventCountry "USA"]

1. d4 Nf6 2. c4 g6 3. Nc3 d5 4. Nf3 Bg7 5. Bf4 O-O 6. Rc1 c5 7. dxc5 dxc4 8.
Qxd8 Rxd8 9. e3 Na6 10. Bxc4 Nxc5 11. O-O Bf5 12. Rcd1 Rac8 13. Rxd8+ Rxd8 14.
Rd1 Rxd1+ 15. Nxd1 Nfd7 16. Ne1 a6 17. Bc7 Kf8 18. Ba5 Bb1 19. Nc3 Bxc3 20.
Bxc3 Na4 21. Nf3 Nxc3 22. bxc3 Nc5 23. Nd2 Bc2 24. Bb3 Bd3 25. f3 f5 26. Kf2 e6
27. h4 Ke7 28. g4 fxg4 29. fxg4 h6 30. g5 hxg5 31. hxg5 Kd6 32. Kf3 Ke5 33. Kg4
b5 34. Bd1 Ne4 35. Nf3+ Kd6 36. Ne1 Bb1 37. Bb3 Ke5 0-1

[Event "46th World Open"]
[Site "Philadelphia"]
[Date "2018.07.04"]
[Round "1"]
[White "Cooke, Eric"]
[Black "Rozman, Levy"]
[Result "0-1"]
[WhiteElo "2098"]
[BlackElo "2417"]
[PlyCount "54"]
[EventDate "2018.07.??"]
[EventType "swiss"]
[EventRounds "9"]
[EventCountry "USA"]

1. d4 d5 2. c4 dxc4 3. e3 e5 4. Bxc4 exd4 5. exd4 Bd6 6. Nf3 Nf6 7. O-O O-O 8.
Bg5 Nc6 9. h3 h6 10. Bh4 g5 11. Bg3 Bxg3 12. fxg3 g4 13. Nh4 Ne4 14. Rf4 Nxg3
15. Rxg4+ Bxg4 16. Qxg4+ Qg5 17. Nc3 Rad8 18. Nd5 Qxg4 19. hxg4 Ne2+ 20. Kf2
Nexd4 21. Nf6+ Kg7 22. Nh5+ Kh8 23. Re1 b5 24. Bd3 Rfe8 25. Be4 Nc2 26. Re2
N6d4 27. Rxc2 Nxc2 0-1

[Event "46th World Open"]
[Site "Philadelphia"]
[Date "2018.07.04"]
[Round "1"]
[White "Justin Chen"]
[Black "Sevian, Samuel"]
[Result "0-1"]
[WhiteElo "2175"]
[BlackElo "2624"]
[PlyCount "98"]
[EventDate "2018.07.??"]
[EventType "swiss"]
[EventRounds "9"]
[EventCountry "USA"]

1. d4 Nf6 2. c4 e6 3. Nf3 Bb4+ 4. Bd2 Qe7 5. g3 Nc6 6. Bg2 Bxd2+ 7. Nbxd2 d6 8.
O-O e5 9. d5 Nb8 10. c5 dxc5 11. Nc4 Nbd7 12. d6 Qe6 13. Qb3 e4 14. Ng5 Qd5 15.
h4 b5 16. Nd2 Qxb3 17. axb3 cxd6 18. Ngxe4 d5 19. Nc3 Bb7 20. Nxb5 Ke7 21. Nxa7
Rhe8 22. Rfc1 Kf8 23. e3 Re6 24. b4 cxb4 25. Nb3 Rb6 26. Nd4 Ne5 27. Bf1 Nc4
28. b3 Nd2 29. Nab5 Rxa1 30. Rxa1 Ba6 31. Ra5 g6 32. Be2 Nfe4 33. Nc7 Bxe2 34.
Nxe2 Nxb3 35. Ra8+ Kg7 36. Nxd5 Rb5 37. Nc7 Ra5 38. Rb8 Ra1+ 39. Kg2 Ra2 40.
Rxb4 Nbc5 41. Kf3 Nd2+ 42. Kg2 Nde4 43. Kf3 Nxf2 44. Ne8+ Kf8 45. Nf6 Nfd3 46.
Rb8+ Kg7 47. Ne8+ Kh6 48. Nc3 Rc2 49. Nd5 Ne5+ 0-1

[Event "46th World Open"]
[Site "Philadelphia"]
[Date "2018.07.04"]
[Round "1"]
[White "Li, Ruifeng"]
[Black "Yang, Kevin"]
[Result "1-0"]
[WhiteElo "2583"]
[BlackElo "2166"]
[PlyCount "81"]
[EventDate "2018.07.??"]
[EventType "swiss"]
[EventRounds "9"]
[EventCountry "USA"]

1. b3 b6 2. e4 Bb7 3. Nc3 g6 4. Bb2 Bg7 5. d4 d6 6. Nf3 Nd7 7. Bc4 e6 8. Qe2 a6
9. O-O-O h6 10. Kb1 Ne7 11. h4 b5 12. Bd3 Qb8 13. Qe3 Qa7 14. Ne2 O-O-O 15. Nd2
e5 16. h5 g5 17. c4 bxc4 18. Nxc4 d5 19. Na5 f5 20. exf5 e4 21. Ng3 Rde8 22.
Be2 Rhf8 23. Rc1 Qb6 24. Nxb7 Kxb7 25. f4 exf3 26. Bxf3 Nxf5 27. Bxd5+ c6 28.
Qd3 Re3 29. Qxf5 Rxf5 30. Nxf5 cxd5 31. Nxe3 Qe6 32. Rhe1 Bf6 33. Ka1 Qe4 34.
Nc4 Qxg2 35. Na5+ Kb6 36. Re6+ Ka7 37. Rd6 Qg4 38. Rc7+ Kb8 39. Rdxd7 Qd1+ 40.
Rc1 Qxh5 41. Rb7+ 1-0

[Event "46th World Open"]
[Site "Philadelphia"]
[Date "2018.07.04"]
[Round "1"]
[White "Niemann, Hans"]
[Black "Bartochowski, Nicholas"]
[Result "1-0"]
[WhiteElo "2313"]
[BlackElo "2013"]
[PlyCount "73"]
[EventDate "2018.07.??"]
[EventType "swiss"]
[EventRounds "9"]
[EventCountry "USA"]

1. e4 e6 2. d4 d5 3. Nc3 Bb4 4. e5 Qd7 5. Bd2 b6 6. Qg4 Bf8 7. O-O-O Ba6 8.
Bxa6 Nxa6 9. Qe2 Nb8 10. f4 Ne7 11. Nf3 h5 12. Qd3 Nf5 13. Ne2 Qa4 14. Kb1 Qa6
15. Qxa6 Nxa6 16. g3 Be7 17. h3 Kd7 18. Ng5 Raf8 19. Rhg1 c5 20. c3 Nb8 21. g4
hxg4 22. hxg4 Nh4 23. Be3 Bxg5 24. fxg5 c4 25. Rh1 Nc6 26. Nf4 Ng6 27. Nh5 Rhg8
28. b4 Rc8 29. Rdf1 Nd8 30. Ng3 Kc6 31. Rh7 Rh8 32. Rxh8 Nxh8 33. Nh5 Rc7 34.
Nxg7 f5 35. gxf6 Ndf7 36. Nxe6 Rc8 37. Ng7 1-0

[Event "46th World Open"]
[Site "Philadelphia"]
[Date "2018.07.04"]
[Round "1"]
[White "Polgar-Shutzman, Tom"]
[Black "Lapshun, Yury"]
[Result "0-1"]
[WhiteElo "2076"]
[BlackElo "2407"]
[PlyCount "68"]
[EventDate "2018.07.??"]
[EventType "swiss"]
[EventRounds "9"]
[EventCountry "USA"]

1. e4 c5 2. Nf3 e6 3. g3 Nc6 4. Bg2 g6 5. O-O Bg7 6. c3 d5 7. exd5 exd5 8. d4
c4 9. b3 cxb3 10. axb3 Nge7 11. Bf4 O-O 12. Ne5 Bf5 13. Re1 Rc8 14. Qd2 Re8 15.
Nxc6 Nxc6 16. Rxe8+ Qxe8 17. Na3 Qd7 18. Nb5 Bf8 19. Nc7 Ne7 20. Rxa7 Rxc7 21.
Bxc7 Qxc7 22. h3 h5 23. c4 Qb6 24. Ra3 dxc4 25. bxc4 Nc6 26. Ra8 Nxd4 27. Rb8
Qd6 28. Rxf8+ Kxf8 29. Qh6+ Kg8 30. Bxb7 Ne2+ 31. Kg2 Qd1 32. Qe3 Qg1+ 33. Kf3
Qh1+ 34. Kxe2 Qxb7 0-1

[Event "46th World Open"]
[Site "Philadelphia"]
[Date "2018.07.04"]
[Round "1"]
[White "Reeder, Andy"]
[Black "Shimanov, Aleksandr"]
[Result "0-1"]
[WhiteElo "2187"]
[BlackElo "2626"]
[PlyCount "48"]
[EventDate "2018.07.??"]
[EventType "swiss"]
[EventRounds "9"]
[EventCountry "USA"]

1. d4 Nf6 2. Bg5 e6 3. e3 h6 4. Bh4 d6 5. Nf3 g5 6. Bg3 Nh5 7. c4 Bg7 8. Nc3
O-O 9. Nd2 Nxg3 10. hxg3 f5 11. Qc2 c5 12. d5 Na6 13. Be2 Rb8 14. e4 Nc7 15.
exf5 exf5 16. O-O Bd7 17. Rad1 a6 18. Rfe1 b5 19. b3 Qf6 20. Rc1 Rbe8 21. Nf1
Re7 22. Nb1 Rfe8 23. Qd2 Qd4 24. Qxd4 cxd4 0-1

[Event "46th World Open"]
[Site "Philadelphia"]
[Date "2018.07.04"]
[Round "1"]
[White "Xu, Grant"]
[Black "Petrosian, Tigran L"]
[Result "1/2-1/2"]
[WhiteElo "2171"]
[BlackElo "2607"]
[PlyCount "60"]
[EventDate "2018.07.??"]
[EventType "swiss"]
[EventRounds "9"]
[EventCountry "USA"]

1. e4 g6 2. d4 Bg7 3. Nf3 d6 4. Bc4 Nf6 5. e5 dxe5 6. Nxe5 O-O 7. O-O Nbd7 8.
Nxd7 Qxd7 9. Bf4 Rd8 10. c3 c5 11. Qb3 Nd5 12. Bg3 cxd4 13. cxd4 b6 14. Nc3 Bb7
15. Rfe1 e6 16. Rad1 Bc6 17. Be5 Nxc3 18. Qxc3 Bxe5 19. Rxe5 Rac8 20. Qd3 Qc7
21. Bb3 a5 22. h4 a4 23. Bc4 Qxe5 24. dxe5 Rxd3 25. Bxd3 Bd5 26. a3 Bb3 27. Re1
Rd8 28. Re3 Rd4 29. g3 h6 30. Kf1 Kf8 1/2-1/2

[Event "46th World Open"]
[Site "Philadelphia"]
[Date "2018.07.05"]
[Round "2.1"]
[White "Li, Ben"]
[Black "Le, Quang Liem"]
[Result "0-1"]
[WhiteElo "2372"]
[BlackElo "2728"]
[PlyCount "90"]
[EventDate "2018.07.??"]
[EventType "swiss"]
[EventRounds "9"]
[EventCountry "USA"]

1. d4 Nf6 2. c4 e6 3. Nf3 b6 4. a3 Bb7 5. Nc3 d5 6. Bf4 Be7 7. e3 O-O 8. cxd5
Nxd5 9. Nxd5 exd5 10. Bd3 c5 11. O-O c4 12. Bc2 b5 13. Ne5 Nd7 14. Qf3 g6 15.
Qh3 Nxe5 16. Bxe5 f6 17. Bf4 Re8 18. Qg3 Bf8 19. h4 a5 20. Qf3 Ra6 21. h5 g5
22. Bg3 Bc8 23. Bf5 Be6 24. Bxe6+ Raxe6 25. Qf5 Bg7 26. Kh2 h6 27. Rae1 R6e7
28. f4 Qd7 29. fxg5 fxg5 30. Qg6 Re6 31. Qf5 R8e7 32. Rf3 Rf7 33. Qg4 Re4 34.
Qxd7 Rxd7 35. Rf5 b4 36. axb4 axb4 37. Kg1 Re8 38. Kf2 Ra8 39. Re2 Ra2 40. Ke1
c3 41. bxc3 b3 42. Rf1 Rf7 43. Rxf7 Kxf7 44. Rd2 b2 45. Rd1 Ra1 0-1

[Event "46th World Open"]
[Site "Philadelphia"]
[Date "2018.07.05"]
[Round "2.2"]
[White "Swiercz, Dariusz"]
[Black "Yip, Carissa"]
[Result "1-0"]
[WhiteElo "2663"]
[BlackElo "2364"]
[PlyCount "71"]
[EventDate "2018.07.??"]
[EventType "swiss"]
[EventRounds "9"]
[EventCountry "USA"]

1. c4 Nf6 2. g3 e6 3. Bg2 d5 4. d4 dxc4 5. Nf3 b5 6. a4 c6 7. Ne5 Nd5 8. Nc3
Bb4 9. Bd2 Bxc3 10. bxc3 O-O 11. O-O Bb7 12. Rb1 Nd7 13. Nxc4 bxc4 14. Rxb7
N7b6 15. a5 Qc8 16. a6 Rd8 17. Qa1 Rd7 18. Rxd7 Nxd7 19. Qa2 N7b6 20. Rb1 Qd7
21. Qa5 Rc8 22. Bc1 c5 23. dxc5 Qa4 24. Ra1 Qd1+ 25. Bf1 Nd7 26. e4 N5f6 27. c6
Nb8 28. Bf4 Nxc6 29. Rxd1 Nxa5 30. Bg2 Kf8 31. e5 Ne8 32. Be3 Rc7 33. Rd8 f6
34. Ra8 Nc6 35. Bc5+ Kf7 36. Bd6 1-0

[Event "46th World Open"]
[Site "Philadelphia"]
[Date "2018.07.05"]
[Round "2.4"]
[White "Xiong, Jeffery"]
[Black "Yu, Jennifer"]
[Result "1/2-1/2"]
[WhiteElo "2655"]
[BlackElo "2358"]
[PlyCount "104"]
[EventDate "2018.07.??"]
[EventType "swiss"]
[EventRounds "9"]
[EventCountry "USA"]

1. d4 d5 2. c4 c6 3. Nf3 Nf6 4. Nc3 dxc4 5. a4 Bf5 6. Ne5 Nbd7 7. Nxc4 Qc7 8.
g3 e5 9. dxe5 Nxe5 10. Bf4 Nfd7 11. a5 g5 12. Nxe5 gxf4 13. Nxd7 O-O-O 14. Qd4
Qxd7 15. Qxf4 Qe6 16. a6 b6 17. Bg2 Bh6 18. Qf3 Bd2+ 19. Kf1 Kc7 20. h3 h5 21.
Nb5+ cxb5 22. Rd1 Rd4 23. Qb7+ Kd6 24. Qxa7 Ke5 25. Qc7+ Kf6 26. a7 Be4 27.
Rxd2 Bxg2+ 28. Kxg2 Qd5+ 29. Kh2 Rxd2 30. Qc3+ Qd4 31. Qf3+ Kg7 32. Ra1 Qxb2
33. a8=Q Rxa8 34. Rxa8 Rxe2 35. Kg2 Rc2 36. Qf4 Rc6 37. Qg5+ Rg6 38. Qxh5 Rh6
39. Qg5+ Rg6 40. Qh4 Rh6 41. Qg5+ Rg6 42. Qh4 Rh6 43. Qd8 Qe5 44. Rb8 Qd6 45.
Qg8+ Kf6 46. h4 Qc6+ 47. Kh2 Qc5 48. Kh3 Qf5+ 49. Kg2 Qd5+ 50. f3 Qa2+ 51. Kh3
Qe6+ 52. g4 Rxh4+ 1/2-1/2

[Event "46th World Open"]
[Site "Philadelphia"]
[Date "2018.07.05"]
[Round "2"]
[White "Bilel Bellahcene"]
[Black "Acor, Corey"]
[Result "1/2-1/2"]
[WhiteElo "2512"]
[BlackElo "2269"]
[PlyCount "108"]
[EventDate "2018.07.??"]
[EventType "swiss"]
[EventRounds "9"]
[EventCountry "USA"]

1. d4 Nf6 2. c4 e5 3. dxe5 Ng4 4. e3 Nxe5 5. Nh3 Ng6 6. Nc3 d6 7. Nf4 Nxf4 8.
exf4 Be7 9. Bd3 Nd7 10. Qc2 Nf6 11. Be3 c6 12. h3 d5 13. cxd5 Nxd5 14. Nxd5
Qxd5 15. O-O Qh5 16. Rfe1 O-O 17. Bxa7 Rxa7 18. Rxe7 Be6 19. Re1 Qh4 20. R7xe6
fxe6 21. Rxe6 Qxf4 22. Bxh7+ Kh8 23. a3 Ra4 24. Bd3 Rd4 25. Re3 Rfd8 26. Qe2
Rxd3 27. Rxd3 Rxd3 28. Qxd3 Qc1+ 29. Kh2 Qxb2 30. f4 c5 31. Qd5 Qc1 32. Qh5+
Kg8 33. Qe8+ Kh7 34. Qe4+ Kh8 35. h4 c4 36. h5 c3 37. Qe5 Kh7 38. Qf5+ Kh8 39.
Qe5 Kh7 40. f5 Qd2 41. f6 gxf6 42. Qf5+ Kg7 43. Qg6+ Kh8 44. Qxf6+ Kh7 45. Qf5+
Kg7 46. Qe5+ Kh7 47. Qe4+ Kh8 48. Qe8+ Kg7 49. Qg6+ Kh8 50. h6 Qf4+ 51. Kh3 Qc7
52. Qc2 Qc5 53. Qg6 Qc7 54. Qc2 Qc5 1/2-1/2

[Event "46th World Open"]
[Site "Philadelphia"]
[Date "2018.07.05"]
[Round "2"]
[White "Easton, Jack"]
[Black "Panchanatham, Vignesh"]
[Result "0-1"]
[WhiteElo "2238"]
[BlackElo "2437"]
[PlyCount "43"]
[EventDate "2018.07.??"]
[EventType "swiss"]
[EventRounds "9"]
[EventCountry "USA"]

1. d4 d5 2. c4 c6 3. Nc3 Nf6 4. e3 e6 5. Nf3 Nbd7 6. Be2 dxc4 7. a4 Bb4 8. Bxc4
Qe7 9. O-O O-O 10. Qc2 e5 11. a5 h6 12. Nh4 b5 13. Bb3 Re8 14. Nf5 Qf8 15. Na2
Bxa5 16. Qxc6 Rb8 17. Nc3 Rb6 18. Qf3 Qb4 19. Ra3 Bb7 20. Qg3 Nh5 21. Qh3 Nhf6
22. Na2 0-1

[Event "46th World Open"]
[Site "Philadelphia"]
[Date "2018.07.05"]
[Round "2"]
[White "Grabinsky, Aaron"]
[Black "Li, Ruifeng"]
[Result "1/2-1/2"]
[WhiteElo "2322"]
[BlackElo "2583"]
[PlyCount "48"]
[EventDate "2018.07.??"]
[EventType "swiss"]
[EventRounds "9"]
[EventCountry "USA"]

1. e4 c5 2. Nf3 d6 3. d4 cxd4 4. Nxd4 Nf6 5. f3 e5 6. Nb3 d5 7. Bg5 d4 8. c3
Nc6 9. Bb5 h6 10. Bh4 Qb6 11. Bxc6+ Qxc6 12. cxd4 Bb4+ 13. N1d2 Nxe4 14. O-O
Nxd2 15. Nxd2 O-O 16. a3 Bd6 17. Ne4 exd4 18. Qxd4 Bc7 19. Kh1 Bb6 20. Qd6 Bd7
21. Rfd1 Qxd6 22. Nxd6 g5 23. Bg3 Bc6 24. Nc4 Rad8 1/2-1/2

[Event "46th World Open"]
[Site "Philadelphia"]
[Date "2018.07.05"]
[Round "2"]
[White "Lou, Yiping"]
[Black "Kretchetov, Alexandre"]
[Result "1/2-1/2"]
[WhiteElo "2487"]
[BlackElo "2242"]
[PlyCount "69"]
[EventDate "2018.07.??"]
[EventType "swiss"]
[EventRounds "9"]
[EventCountry "USA"]

1. d4 d5 2. c4 c6 3. Nc3 Nf6 4. e3 g6 5. Nf3 Bg7 6. Be2 O-O 7. O-O e6 8. b3
Nbd7 9. Qc2 Re8 10. Ba3 b6 11. Ne5 Nxe5 12. dxe5 Nd7 13. f4 Bb7 14. Rad1 f6 15.
exf6 Nxf6 16. e4 Qc8 17. e5 Nd7 18. h4 Bf8 19. Bxf8 Rxf8 20. h5 gxh5 21. Bxh5
Qd8 22. Bg4 Qe7 23. Ne2 Kh8 24. Nd4 Nc5 25. cxd5 cxd5 26. b4 Ne4 27. Bxe6 Ng3
28. Nf5 Qxe6 29. Nxg3 Qg4 30. Qc7 Rab8 31. Rf3 d4 32. Rfd3 Ba6 33. Rf3 Bb7 34.
Rfd3 Ba6 35. Rf3 1/2-1/2

[Event "46th World Open"]
[Site "Philadelphia"]
[Date "2018.07.05"]
[Round "2"]
[White "Markzon, Gregory"]
[Black "Rushaan Mahajan"]
[Result "1/2-1/2"]
[WhiteElo "2114"]
[BlackElo "1905"]
[PlyCount "56"]
[EventDate "2018.07.??"]
[EventType "swiss"]
[EventRounds "9"]
[EventCountry "USA"]

1. d4 d5 2. c4 c6 3. Nc3 Nf6 4. Bg5 e6 5. e3 Be7 6. Nf3 Nbd7 7. Qc2 O-O 8. a3
b6 9. cxd5 exd5 10. Bd3 h6 11. Bh4 Re8 12. O-O Ne4 13. Bg3 Nxg3 14. hxg3 Bb7
15. Rad1 Bd6 16. e4 dxe4 17. Nxe4 Nf6 18. Rfe1 Rc8 19. b4 Nxe4 20. Bxe4 Qc7 21.
Nh4 c5 22. Bxb7 Rxe1+ 23. Rxe1 Qxb7 24. bxc5 bxc5 25. Nf5 Bf8 26. dxc5 Rxc5 27.
Qd3 Qb5 28. Ne7+ Bxe7 1/2-1/2

[Event "46th World Open"]
[Site "Philadelphia"]
[Date "2018.07.05"]
[Round "2"]
[White "Niemann, Hans"]
[Black "Vorontsov, Pavlo"]
[Result "0-1"]
[WhiteElo "2313"]
[BlackElo "2564"]
[PlyCount "68"]
[EventDate "2018.07.??"]
[EventType "swiss"]
[EventRounds "9"]
[EventCountry "USA"]

1. d4 e6 2. Nf3 c5 3. c3 Nc6 4. g3 Nf6 5. Bg2 d5 6. O-O Qb6 7. dxc5 Bxc5 8. b4
Be7 9. a3 O-O 10. Qc2 e5 11. c4 e4 12. Nfd2 Nd4 13. Qd1 e3 14. fxe3 Nf5 15. c5
Qe6 16. Rxf5 Qxf5 17. Bb2 Ng4 18. Nf1 Bg5 19. Bd4 Qf2+ 20. Kh1 Nxe3 21. Nxe3
Bxe3 22. Bxe3 Qxe3 23. Qd2 Qe5 24. Nc3 a5 25. Rd1 axb4 26. axb4 Be6 27. Nxd5
Ra1 28. Bf3 Rxd1+ 29. Qxd1 Qb2 30. Qe1 Ra8 31. Kg2 Ra1 32. Qf2 Qc1 33. g4 Bxd5
34. Bxd5 Qh1+ 0-1

[Event "46th World Open"]
[Site "Philadelphia"]
[Date "2018.07.05"]
[Round "2"]
[White "Peng, David"]
[Black "Shetty, Atulya"]
[Result "0-1"]
[WhiteElo "2363"]
[BlackElo "2382"]
[PlyCount "62"]
[EventDate "2018.07.??"]
[EventType "swiss"]
[EventRounds "9"]
[EventCountry "USA"]

1. Nf3 c5 2. d3 Nc6 3. g3 g6 4. Bg2 Bg7 5. c3 Nf6 6. O-O O-O 7. Nbd2 d6 8. Qc2
Rb8 9. b3 b5 10. Bb2 Bd7 11. Rab1 Qc8 12. Rfc1 a5 13. Qd1 Qa6 14. a4 bxa4 15.
bxa4 Nd5 16. e4 Nb6 17. Bf1 Na7 18. d4 Qc8 19. Nc4 Nxa4 20. Ba1 Qc7 21. Nfd2
Rxb1 22. Rxb1 Nb5 23. Qxa4 Nxc3 24. Qxd7 Qxd7 25. Bxc3 a4 26. Bd3 Bxd4 27. Bxd4
cxd4 28. Na3 Qc7 29. Ndc4 Rb8 30. Ra1 Rb3 31. Bf1 Qc5 0-1

[Event "46th World Open"]
[Site "Philadelphia"]
[Date "2018.07.05"]
[Round "2"]
[White "Puranik, Abhimanyu"]
[Black "Shen, Christopher"]
[Result "0-1"]
[WhiteElo "2507"]
[BlackElo "2266"]
[PlyCount "52"]
[EventDate "2018.07.??"]
[EventType "swiss"]
[EventRounds "9"]
[EventCountry "USA"]

1. e4 e6 2. d4 d5 3. Nd2 c5 4. Ngf3 cxd4 5. exd5 Qxd5 6. Bc4 Qd7 7. O-O Nc6 8.
Nb3 a6 9. Nbxd4 Nxd4 10. Nxd4 Qc7 11. Bb3 Bd6 12. g3 Ne7 13. Qf3 O-O 14. c3 Ng6
15. Bc2 Bd7 16. h4 Rae8 17. Re1 f5 18. Bg5 h6 19. Qh5 Ne5 20. Bf4 Ng4 21. Bxd6
Qxd6 22. Rad1 Qb6 23. Re2 Rd8 24. Bb3 Be8 25. Rxe6 Qxb3 26. Qxg4 Rxd4 0-1

[Event "46th World Open"]
[Site "Philadelphia"]
[Date "2018.07.05"]
[Round "2"]
[White "Raja Harshit"]
[Black "Homa, Seth"]
[Result "1-0"]
[WhiteElo "2442"]
[BlackElo "2239"]
[PlyCount "69"]
[EventDate "2018.07.??"]
[EventType "swiss"]
[EventRounds "9"]
[EventCountry "USA"]

1. e4 c5 2. Nf3 Nc6 3. d4 cxd4 4. Nxd4 g6 5. c4 Bg7 6. Be3 Nf6 7. Nc3 d6 8. Be2
O-O 9. O-O Nxd4 10. Bxd4 Bd7 11. Rc1 Bc6 12. f3 a5 13. b3 Nd7 14. Be3 Nc5 15.
Nd5 e6 16. Nc3 Be5 17. g3 Qe7 18. Nb5 Rfd8 19. Nd4 Be8 20. Qd2 f5 21. exf5 gxf5
22. Rfe1 Qg7 23. Kh1 Kh8 24. Rcd1 b6 25. Bh6 Qg6 26. Bf1 Rac8 27. Bg2 f4 28.
Bxf4 Bxf4 29. Qxf4 Bf7 30. Nb5 e5 31. Qe3 Kg8 32. f4 exf4 33. Qxf4 Nd3 34. Rxd3
Qxd3 35. Be4 1-0

[Event "46th World Open"]
[Site "Philadelphia"]
[Date "2018.07.05"]
[Round "2"]
[White "Sevian, Samuel"]
[Black "Kim, Yoon-Young"]
[Result "1-0"]
[WhiteElo "2624"]
[BlackElo "2333"]
[PlyCount "111"]
[EventDate "2018.07.??"]
[EventType "swiss"]
[EventRounds "9"]
[EventCountry "USA"]

1. e4 e5 2. Nf3 Nc6 3. Bb5 a6 4. Ba4 Nf6 5. O-O Be7 6. Re1 b5 7. Bb3 d6 8. c3
O-O 9. h3 Nb8 10. d4 Nbd7 11. Nbd2 Bb7 12. Bc2 Re8 13. b3 Bf8 14. Bb2 g6 15. a4
Bg7 16. Bd3 c6 17. Qc2 Qc7 18. c4 bxa4 19. c5 axb3 20. Nxb3 exd4 21. cxd6 Qxd6
22. Bxd4 Nh5 23. Bxg7 Nxg7 24. Bc4 Qc7 25. Rad1 Re7 26. Qd2 c5 27. Qh6 Nf8 28.
Nh2 Bc8 29. Rc1 Be6 30. Nxc5 Qxc5 31. Bxe6 Qh5 32. Qxh5 Nxh5 33. Bd5 Rb8 34.
Rc6 Nf4 35. Ra1 a5 36. Ng4 h5 37. Ne3 Rb5 38. Bc4 Rb4 39. g3 Nxh3+ 40. Kg2 Ng5
41. Nd5 Rxe4 42. Nf6+ Kg7 43. Nxe4 Nxe4 44. Re1 Nd2 45. Bd5 Rd4 46. Ba2 Ra4 47.
Bd5 Rd4 48. Rc5 Nd7 49. Rxa5 Nb6 50. Ba2 Ne4 51. Ra7 Nd6 52. Bxf7 Nxf7 53. Ree7
Nd5 54. Rxf7+ Kh6 55. f4 Rd2+ 56. Kh3 1-0

[Event "46th World Open"]
[Site "Philadelphia"]
[Date "2018.07.05"]
[Round "2"]
[White "Shimanov, Aleksandr"]
[Black "Aaron, Deepak"]
[Result "1-0"]
[WhiteElo "2626"]
[BlackElo "2338"]
[PlyCount "103"]
[EventDate "2018.07.??"]
[EventType "swiss"]
[EventRounds "9"]
[EventCountry "USA"]

1. c4 Nf6 2. g3 e6 3. Bg2 d5 4. d4 dxc4 5. Nf3 Bb4+ 6. Bd2 a5 7. Qc2 b5 8. a4
Bxd2+ 9. Nfxd2 Ra7 10. axb5 Qxd4 11. Qxc4 Qb6 12. Nc3 O-O 13. Qa4 Nd5 14. O-O
Bd7 15. Bxd5 exd5 16. Nb3 c6 17. bxc6 Bxc6 18. Qd4 Rb7 19. Qxb6 Rxb6 20. Nxa5
Rxb2 21. Rfd1 Rc2 22. Rac1 Rxc1 23. Rxc1 Ba8 24. Rd1 Rd8 25. e4 d4 26. Nd5 Kf8
27. Rxd4 Nc6 28. Ra4 Nxa5 29. Rxa5 Bxd5 30. exd5 Ke7 31. Kg2 Kd6 32. Kf3 Ke5
33. Ra7 Kxd5 34. Rxf7 Rg8 35. Re7 Kd6 36. Re4 Rf8+ 37. Ke3 Ra8 38. h4 Ra7 39.
f3 Rf7 40. Re8 Kd7 41. Re5 Kd6 42. f4 Rf6 43. h5 Kd7 44. Ke4 Kd8 45. Kf3 Kd7
46. Kg4 Rf7 47. Kg5 Kd8 48. Re6 Ra7 49. f5 Ra4 50. h6 gxh6+ 51. Kxh6 Ra7 52. g4
1-0

[Event "46th World Open"]
[Site "Philadelphia"]
[Date "2018.07.05"]
[Round "2"]
[White "Smirin, Ilia"]
[Black "Colas, Joshua"]
[Result "1/2-1/2"]
[WhiteElo "2591"]
[BlackElo "2322"]
[PlyCount "35"]
[EventDate "2018.07.??"]
[EventType "swiss"]
[EventRounds "9"]
[EventCountry "USA"]

1. e4 c6 2. d4 d5 3. e5 Bf5 4. Nf3 e6 5. Be2 c5 6. O-O Nc6 7. c3 cxd4 8. cxd4
Nge7 9. a3 Nc8 10. b4 a6 11. Nbd2 Be7 12. Nb3 O-O 13. Be3 Nb6 14. Nfd2 Na4 15.
Qc1 Rc8 16. Nc5 Nb8 17. Qe1 Nxc5 18. bxc5 1/2-1/2

[Event "46th World Open"]
[Site "Philadelphia"]
[Date "2018.07.05"]
[Round "2"]
[White "Turgut, Tansel"]
[Black "Nestorovic, Nikola"]
[Result "0-1"]
[WhiteElo "2242"]
[BlackElo "2450"]
[PlyCount "80"]
[EventDate "2018.07.??"]
[EventType "swiss"]
[EventRounds "9"]
[EventCountry "USA"]

1. d4 Nf6 2. Nf3 b6 3. Bf4 Bb7 4. e3 g6 5. h3 Bg7 6. Nbd2 O-O 7. Bh2 d6 8. a4
a5 9. Bc4 Nbd7 10. O-O Re8 11. c3 e5 12. dxe5 Nxe5 13. Nxe5 dxe5 14. Nf3 Ne4
15. Qxd8 Raxd8 16. Rfd1 Rxd1+ 17. Rxd1 Bc6 18. Bb5 Bxb5 19. axb5 Nd6 20. Rd5 f6
21. Nd2 Kf7 22. c4 Ke6 23. Rd3 f5 24. Ra3 Rd8 25. Ra1 Nxb5 26. Nf3 Nd6 27. b3
Ne4 28. Kf1 Nd2+ 29. Ke1 Nxb3 30. Ra3 Nc5 31. Ng5+ Kd7 32. Nxh7 Kc6 33. f3 e4
34. Ng5 a4 35. fxe4 fxe4 36. Ke2 Bb2 37. Ra2 a3 38. Nf7 Rf8 39. Ne5+ Bxe5 40.
Bxe5 Nd3 0-1